[Event "Rohde op 12th"]
[Site "Sautron"]
[Date "2012.11.??"]
[Round "4"]
[White "Bapst, Valentin"]
[Black "Mercier, Jean Loup"]
[Result "1-0"]
[WhiteElo "1989"]
[BlackElo "1810"]
[PlyCount "43"]
[EventDate "2012.10.27"]
[EventType "swiss"]
[EventRounds "9"]
[EventCountry "FRA"]
[SourceTitle "EXT 2014"]
[Source "ChessBase"]
[SourceDate "2013.11.20"]
[SourceVersion "1"]
[SourceVersionDate "2013.11.20"]
[SourceQuality "1"]

1. e4 c5 2. Nf3 d6 3. d4 cxd4 4. Nxd4 Nf6 5. Nc3 a6 6. Bg5 e6 7. f4 Qb6 8. Nb3 Nbd7 9. Qf3 Be7 10. 0-0-0 Nc5 11. Nd4 Qc7 12. Bd3 b5 13. e5 Bb7 14. Qg3 dxe5 15. fxe5 Nh5 16. Qh4 Bxg5+ 17. Qxg5 g6 18. Bxb5+ axb5 19. Ndxb5 Qe7 20. Qh6 Bd5 21. Nxd5 exd5 22. Rxd5 1-0

[Event "Sautron op 11th"]
[Site "Sautron"]
[Date "2012.09.01"]
[Round "3"]
[White "Bapst, Valentin"]
[Black "Saada, Julien"]
[Result "0-1"]
[WhiteElo "2001"]
[BlackElo "2325"]
[PlyCount "52"]
[EventDate "2012.08.31"]
[EventType "swiss"]
[EventRounds "6"]
[EventCountry "FRA"]
[SourceTitle "EXT 2013"]
[Source "ChessBase"]
[SourceDate "2012.11.22"]
[SourceVersion "1"]
[SourceVersionDate "2012.11.22"]
[SourceQuality "1"]

1. e4 c6 2. c4 d5 3. exd5 cxd5 4. d4 Nf6 5. Nc3 g6 6. Nf3 Bg7 7. Be2 0-0 8. h3 dxc4 9. Bxc4 a6 10. a4 Nc6 11. 0-0 Bf5 12. d5 Nb4 13. Qb3 a5 14. Nd4 Bd7 15. Be3 Rc8 16. Rac1 Ne8 17. Be2 Nd6 18. Rfd1 Nf5 19. Nxf5 Bxf5 20. Bf3 Nd3 21. Ra1 Nxb2 22. Qxb2 Bxc3 23. Qxb7 Bxa1 24. Rxa1 Qd6 25. g4 Bc2 26. Qb5 Qf6 0-1

[Event "FRA-chT U20"]
[Site "France"]
[Date "2012.05.26"]
[Round "8"]
[White "Bapst, Valentin"]
[Black "Viennot, Dylan"]
[Result "1-0"]
[WhiteElo "1985"]
[BlackElo "2157"]
[PlyCount "111"]
[EventDate "2012.05.26"]
[EventType "team-swiss"]
[EventRounds "9"]
[EventCountry "FRA"]
[SourceTitle "EXT 2014"]
[Source "ChessBase"]
[SourceDate "2013.11.20"]
[SourceVersion "1"]
[SourceVersionDate "2013.11.20"]
[SourceQuality "1"]

1. e4 e6 2. d4 d5 3. Nc3 Nf6 4. Bg5 Be7 5. e5 Nfd7 6. h4 h6 7. Bxe7 Qxe7 8. Nb5 Nb6 9. c3 a6 10. Na3 c5 11. Nc2 Bd7 12. Qg4 0-0 13. Ne2 cxd4 14. Ncxd4 Nc4 15. Qg3 f6 16. exf6 Qxf6 17. b3 Na3 18. Rc1 e5 19. Nc2 Nxc2+ 20. Rxc2 Bc6 21. Nc1 Nd7 22. Nd3 a5 23. Nb2 Rae8 24. Be2 Nc5 25. Bh5 Rc8 26. Qg6 Qe7 27. Bg4 Be8 28. Qb6 Rc6 29. Qb5 Rcf6 30. Qf1 Bg6 31. Rd2 Ne4 32. f3 Qc5 33. Na4 Qe3+ 34. Qe2 Qxd2+ 35. Qxd2 Nxd2 36. Kxd2 h5 37. Bh3 e4 38. Nc5 Rd6 39. Nxb7 Rb6 40. Nxa5 exf3 41. Rf1 Be4 42. gxf3 Rxf3 43. Rxf3 Bxf3 44. b4 Kf7 45. Ke3 Be4 46. Kd4 Ke7 47. Kc5 Rg6 48. b5 Rg3 49. Nc6+ Ke8 50. b6 Rxc3+ 51. Kd6 Rxc6+ 52. Kxc6 d4+ 53. Kc7 d3 54. Bf1 d2 55. Be2 Bd3 56. Bxh5+ 1-0

[Event "FRA-chT U20 1112"]
[Site "France"]
[Date "2011.12.04"]
[Round "2.1"]
[White "Bapst, Valentin"]
[Black "Navrotescu, Andreea Cristiana"]
[Result "1/2-1/2"]
[WhiteElo "1989"]
[BlackElo "2057"]
[PlyCount "78"]
[EventDate "2011.12.03"]
[EventType "team-swiss"]
[EventRounds "7"]
[EventCountry "FRA"]
[SourceTitle "EXT 2013"]
[Source "ChessBase"]
[SourceDate "2012.11.22"]
[SourceVersion "1"]
[SourceVersionDate "2012.11.22"]
[SourceQuality "1"]

1. e4 c5 2. Nf3 e6 3. d4 cxd4 4. Nxd4 Nc6 5. Nc3 Qc7 6. Be3 Nf6 7. Qd2 a6 8. 0-0-0 Bb4 9. f3 Nxd4 10. Bxd4 e5 11. Be3 d6 12. a3 Bxc3 13. Qxc3 Qxc3 14. bxc3 Ke7 15. Bc4 Be6 16. Bb3 Rac8 17. Kb2 Rc6 18. Rd3 h6 19. g4 Bc4 20. Bxc4 Rxc4 21. Rhd1 Rc6 22. Bf2 Rhc8 23. h3 Ne8 24. Bh4+ g5 25. Bf2 Nc7 26. Be3 Nb5 27. Bd2 Rc4 28. Kb3 R4c6 29. h4 f6 30. Rh1 Rb6 31. Ka2 Rc4 32. Rh2 Ra4 33. Bc1 Rc4 34. Bd2 Ra4 35. Bc1 Rc4 36. Rh1 Rc8 37. Bd2 Rc4 38. Rh2 Ra4 39. Bc1 Rc4 1/2-1/2

[Event "Sautron op 11th"]
[Site "Sautron"]
[Date "2011.10.27"]
[Round "3"]
[White "Devallee, Jeremie"]
[Black "Bapst, Valentin"]
[Result "1-0"]
[WhiteElo "2081"]
[BlackElo "1971"]
[PlyCount "73"]
[EventDate "2011.10.22"]
[EventType "swiss"]
[EventRounds "9"]
[EventCountry "FRA"]
[SourceTitle "EXT 2016"]
[Source "ChessBase"]
[SourceDate "2015.10.08"]
[SourceVersion "1"]
[SourceVersionDate "2015.10.08"]
[SourceQuality "1"]

1. e4 c5 2. Nf3 e6 3. b4 d5 4. e5 b6 5. b5 Nd7 6. c4 d4 7. d3 Ne7 8. Bf4 Bb7 9. Nbd2 Qc7 10. Qe2 Ng6 11. Bg3 Be7 12. h4 h5 13. Ne4 Ngxe5 14. Nfg5 Rc8 15. a4 Ra8 16. Qd1 Nf6 17. Nxf6+ Bxf6 18. Be2 g6 19. 0-0 Bxg5 20. hxg5 h4 21. Bxe5 Qxe5 22. Bf3 Qc7 23. a5 bxa5 24. Rxa5 Qxa5 25. Bxb7 Rb8 26. Bc6+ Kf8 27. Qf3 Rh5 28. Qf4 Qb6 29. Ra1 Rd8 30. Qf6 Rc8 31. Be4 e5 32. Ra6 Qxf6 33. gxf6 Rc7 34. b6 Rc8 35. bxa7 Ke8 36. Rd6 Rf5 37. Bb7 1-0

[Event "Rennes op 4th"]
[Site "Rennes"]
[Date "2011.07.21"]
[Round "8"]
[White "Bapst, Valentin"]
[Black "Bailet, Pierre"]
[Result "0-1"]
[WhiteElo "1908"]
[BlackElo "2432"]
[PlyCount "84"]
[EventDate "2011.07.16"]
[EventType "swiss"]
[EventRounds "9"]
[EventCountry "FRA"]
[SourceTitle "CBM 143 Extra"]
[Source "ChessBase"]
[SourceDate "2011.08.29"]
[SourceVersion "1"]
[SourceVersionDate "2011.08.29"]
[SourceQuality "1"]

1. e4 c5 2. Nf3 Nc6 3. d4 cxd4 4. Nxd4 Nf6 5. Nc3 e5 6. Ndb5 d6 7. Bg5 a6 8. Na3 b5 9. Nd5 Be7 10. Bxf6 Bxf6 11. c4 Nd4 12. Bd3 Bb7 13. 0-0 Bxd5 14. cxd5 0-0 15. Nc2 Qb6 16. g3 Bd8 17. Kg2 g6 18. f4 exf4 19. gxf4 f5 20. e5 dxe5 21. fxe5 Qc5 22. Nxd4 Qxd4 23. Bxf5 Qxb2+ 24. Rf2 Qxe5 25. Be6+ Kg7 26. Rxf8 Kxf8 27. Qf3+ Bf6 28. Rf1 Kg7 29. Qf4 Rf8 30. Qxe5 Bxe5 31. Rxf8 Kxf8 32. h3 Ke7 33. Kf3 Kf6 34. Ke4 Bd6 35. Bc8 a5 36. Bd7 b4 37. Bc6 Kg5 38. Bd7 Kh4 39. Kf3 g5 40. Kg2 h5 41. Kf3 a4 42. Bxa4 Kxh3 0-1

[Event "Rennes op 4th"]
[Site "Rennes"]
[Date "2011.07.20"]
[Round "7"]
[White "Mahe, Romain"]
[Black "Bapst, Valentin"]
[Result "0-1"]
[WhiteElo "1960"]
[BlackElo "1908"]
[PlyCount "80"]
[EventDate "2011.07.16"]
[EventType "swiss"]
[EventRounds "9"]
[EventCountry "FRA"]
[SourceTitle "CBM 143 Extra"]
[Source "ChessBase"]
[SourceDate "2011.08.29"]
[SourceVersion "1"]
[SourceVersionDate "2011.08.29"]
[SourceQuality "1"]

1. e4 c5 2. Nf3 e6 3. d4 cxd4 4. Nxd4 Nf6 5. Nc3 d6 6. Bc4 Be7 7. Bb3 0-0 8. h3 Na6 9. Qe2 Nc5 10. g4 a5 11. g5 Nfd7 12. h4 Re8 13. Bc4 a4 14. Bb5 a3 15. b4 Na6 16. Bxa3 d5 17. Rb1 Qb6 18. Nf3 Nc7 19. Rb3 d4 20. Bxd7 Bxd7 21. Ne5 Qd6 22. Nxd7 Qxd7 23. Nb1 Nb5 24. Qd2 Ra4 25. c3 e5 26. c4 Nxa3 27. Nxa3 Bxb4 28. Rxb4 Rxa3 29. Qb2 Ra7 30. Qb3 Rea8 31. a4 Qg4 32. f3 Qd7 33. 0-0 g6 34. Rb1 Rxa4 35. Rxb7 Qh3 36. Rb8+ Kg7 37. Rxa8 Rxa8 38. c5 Qg3+ 39. Kf1 Qh3+ 40. Ke2 Ra2+ 0-1

[Event "FRA-chTB U20 1011"]
[Site "France"]
[Date "2010.12.20"]
[Round "7.2"]
[White "Bapst, Valentin"]
[Black "Figiel, Alexis"]
[Result "1-0"]
[WhiteElo "1905"]
[BlackElo "1737"]
[PlyCount "101"]
[EventDate "2010.11.20"]
[EventType "team-tourn"]
[EventRounds "7"]
[EventCountry "FRA"]
[SourceTitle "EXT 2012"]
[Source "ChessBase"]
[SourceDate "2011.11.24"]
[SourceVersion "1"]
[SourceVersionDate "2011.11.24"]
[SourceQuality "1"]
[WhiteTeam "Sautron"]
[BlackTeam "Potemkine"]
[WhiteTeamCountry "FRA"]
[BlackTeamCountry "FRA"]

1. e4 e5 2. Nf3 Nc6 3. Bb5 Nf6 4. 0-0 d6 5. d4 exd4 6. Nxd4 Bd7 7. Nc3 Be7 8. Bxc6 bxc6 9. b3 0-0 10. Bb2 Re8 11. Qd3 Bf8 12. Rfe1 d5 13. e5 Ng4 14. Qg3 Nh6 15. Qf4 c5 16. Nf3 c6 17. Rad1 Rb8 18. Qd2 Qc7 19. h3 Re6 20. Na4 a5 21. Ba3 Qa7 22. c4 d4 23. Re2 Nf5 24. Qf4 Rg6 25. Kh1 h5 26. Ne1 Re8 27. Nd3 Be7 28. Bxc5 Qc7 29. Bxe7 Rxe7 30. Nac5 Bc8 31. Ne4 Qb6 32. Ng3 Nxg3+ 33. fxg3 c5 34. Rde1 Bb7 35. Kh2 Qc6 36. Qh4 Rge6 37. Nf4 g6 38. Nxe6 Rxe6 39. Rg1 Qd7 40. Qf4 Kg7 41. Qd2 Qc7 42. Rge1 Qc6 43. Rf2 Qc7 44. Qf4 Bc6 45. Ref1 Be8 46. Re1 Bc6 47. Qg5 Qb7 48. Rfe2 a4 49. Qf4 a3 50. Rf1 Be8 51. Qc1 1-0

[Event "FRA-chTB U20 1011"]
[Site "France"]
[Date "2010.12.19"]
[Round "5.2"]
[White "Bapst, Valentin"]
[Black "Messinger, Karl"]
[Result "1/2-1/2"]
[WhiteElo "1905"]
[BlackElo "1936"]
[PlyCount "62"]
[EventDate "2010.11.20"]
[EventType "team-tourn"]
[EventRounds "7"]
[EventCountry "FRA"]
[SourceTitle "EXT 2012"]
[Source "ChessBase"]
[SourceDate "2011.11.24"]
[SourceVersion "1"]
[SourceVersionDate "2011.11.24"]
[SourceQuality "1"]
[WhiteTeam "Sautron"]
[BlackTeam "Mulhouse"]
[WhiteTeamCountry "FRA"]
[BlackTeamCountry "FRA"]

1. e4 c5 2. Nf3 Nc6 3. d4 cxd4 4. Nxd4 g6 5. c4 Nf6 6. Nc3 Nxd4 7. Qxd4 d6 8. Be3 Bg7 9. f3 0-0 10. Qd2 Be6 11. Rc1 a5 12. b3 Bd7 13. Be2 Bc6 14. 0-0 Nd7 15. Nd5 Nc5 16. Qe1 Bxd5 17. cxd5 Qb6 18. Qd2 Rfc8 19. Rc4 Qa7 20. Rfc1 Bh6 21. Bxh6 Nxb3+ 22. Be3 Rxc4 23. axb3 Rxc1+ 24. Qxc1 Qb8 25. Qc4 Qc8 26. Qb5 Qc3 27. Kf2 Qb4 28. Qxb4 axb4 29. Bd2 Ra2 30. Ke1 Ra1+ 31. Bd1 Ra2 1/2-1/2

[Event "FRA-chTB U20 1011"]
[Site "France"]
[Date "2010.12.18"]
[Round "4.2"]
[White "Barbaras, Mathieu"]
[Black "Bapst, Valentin"]
[Result "1-0"]
[WhiteElo "2022"]
[BlackElo "1905"]
[PlyCount "89"]
[EventDate "2010.11.20"]
[EventType "team-tourn"]
[EventRounds "7"]
[EventCountry "FRA"]
[SourceTitle "EXT 2012"]
[Source "ChessBase"]
[SourceDate "2011.11.24"]
[SourceVersion "1"]
[SourceVersionDate "2011.11.24"]
[SourceQuality "1"]
[WhiteTeam "Bischwiller"]
[BlackTeam "Sautron"]
[WhiteTeamCountry "FRA"]
[BlackTeamCountry "FRA"]

1. e4 c5 2. Nf3 Nc6 3. d4 cxd4 4. Nxd4 Nf6 5. Nc3 e5 6. Ndb5 d6 7. Bg5 a6 8. Na3 b5 9. Nd5 Be7 10. Bxf6 Bxf6 11. c4 b4 12. Nc2 a5 13. g3 Bg5 14. h4 Bh6 15. Bh3 Be6 16. Kf1 0-0 17. Kg2 Ra7 18. Qd3 Rb7 19. b3 Nb8 20. Nce3 Bxe3 21. Nxe3 Na6 22. Rad1 Rd7 23. Nf5 g6 24. Nh6+ Kg7 25. Bxe6 fxe6 26. Qe3 Nc5 27. f3 Qe7 28. Ng4 Kh8 29. Qg5 Qf7 30. Rhf1 Qg7 31. h5 gxh5 32. Qxh5 Rg8 33. Rd2 Nxe4 34. fxe4 Qxg4 35. Qxg4 Rxg4 36. Rf6 Rg6 37. Rxg6 hxg6 38. Kf3 Kg7 39. c5 d5 40. exd5 exd5 41. c6 Rf7+ 42. Ke3 d4+ 43. Ke4 Rc7 44. Kd5 Kf6 45. Kd6 1-0

[Event "FRA-ch U14"]
[Site "Aix les Bains"]
[Date "2009.04.26"]
[Round "9"]
[White "Grandadam, Patrick"]
[Black "Bapst, Valentin"]
[Result "0-1"]
[WhiteElo "2055"]
[BlackElo "1702"]
[PlyCount "56"]
[EventDate "2009.04.19"]
[EventType "swiss"]
[EventRounds "9"]
[EventCountry "FRA"]
[SourceTitle "CBM 130 Extra"]
[Source "ChessBase"]
[SourceDate "2009.07.02"]
[SourceVersion "2"]
[SourceVersionDate "2009.07.15"]
[SourceQuality "1"]

1. Nf3 Nf6 2. c4 g6 3. Nc3 d5 4. cxd5 Nxd5 5. Qa4+ Bd7 6. Qb3 Nb6 7. d4 Be6 8. Qc2 Bg7 9. e4 Bg4 10. Ne5 Bd7 11. Nxd7 N8xd7 12. Be3 0-0 13. Rd1 e6 14. Be2 Qe7 15. 0-0 Rac8 16. d5 Rfd8 17. Qb3 exd5 18. exd5 Be5 19. Rfe1 Nf6 20. Bf3 Bxc3 21. Qxc3 Nfxd5 22. Bxd5 Nxd5 23. Rxd5 Rxd5 24. Bh6 Qxe1+ 25. Qxe1 Rcd8 26. Bg5 Rd1 27. Kf1 Rxe1+ 28. Kxe1 Rd5 0-1

[Event "Rohde op 08th"]
[Site "Sautron"]
[Date "2008.10.27"]
[Round "3"]
[White "Savalle, Alexandre"]
[Black "Bapst, Valentin"]
[Result "0-1"]
[WhiteElo "1773"]
[BlackElo "1625"]
[PlyCount "50"]
[EventDate "2008.10.25"]
[EventType "swiss"]
[EventRounds "9"]
[EventCountry "FRA"]
[SourceTitle "EXT 2009"]
[Source "ChessBase"]
[SourceDate "2008.11.26"]
[SourceVersion "1"]
[SourceVersionDate "2008.11.26"]
[SourceQuality "1"]

1. e4 c5 2. Nf3 Nc6 3. d4 cxd4 4. Nxd4 Nf6 5. Nxc6 bxc6 6. Nc3 e5 7. Be2 Bb4 8. Bd2 0-0 9. Bf3 Ba6 10. a3 Bxc3 11. Bxc3 d5 12. Bxe5 Re8 13. Bxf6 Qxf6 14. c3 Rad8 15. Qc2 dxe4 16. Be2 Bd3 17. Qd2 Bb5 18. Qe3 Bxe2 19. Qxe2 e3 20. 0-0 Rd2 21. Qe1 exf2+ 22. Qxf2 Rxf2 23. Rxf2 Qd6 24. Raf1 Qc5 25. Kh1 Qxf2 0-1

[Event "Gorges op 17th"]
[Site "Gorges"]
[Date "2007.??.??"]
[Round "4"]
[White "Petiteau, Eric"]
[Black "Bapst, Valentin"]
[Result "1/2-1/2"]
[WhiteElo "1740"]
[BlackElo "1570"]
[PlyCount "39"]
[EventDate "2007.07.08"]
[EventType "swiss"]
[EventRounds "7"]
[EventCountry "FRA"]
[SourceTitle "CBM 119 Extra"]
[Source "ChessBase"]
[SourceDate "2007.09.04"]
[SourceVersion "1"]
[SourceVersionDate "2007.09.04"]
[SourceQuality "1"]

1. e4 c5 2. Nf3 Nc6 3. c3 d5 4. e5 Bg4 5. Be2 Bxf3 6. Bxf3 Nxe5 7. Qa4+ Nc6 8. d4 cxd4 9. cxd4 e6 10. 0-0 Bd6 11. Nc3 Qh4 12. g3 Qxd4 13. Qb3 Qb6 14. Nb5 Bc5 15. Qa4 a6 16. Nc3 Qb4 17. Qd1 Bd6 18. Re1 Nge7 19. Bd2 Qd4 20. a3 1/2-1/2